000 00546nam a22001817a 4500
005 20260323125105.0
008 260323b |||||||| |||| 00| 0 eng d
037 _cDSWL
040 _aDSWL
_cDSWL
041 _heng
245 _aCulture Matters: How Values Shape Human Progress
260 _aNew York,
_bBasic Books,
_c2001
300 _a384p
365 _aUSD
_b35.00
700 _aSamuel P. Huntington Ed.
_91137605
942 _2CC
_cTEXL
_n0
999 _c1726394
_d1726394